[Event "Reykjavik Open 2024"]
[Site "Reykjavik ISL"]
[Date "2024.03.18"]
[Round "6.133"]
[White "Nolsoe, Rani"]
[Black "Sigfusson, Ottar Orn Bergmann"]
[Result "1-0"]
[WhiteElo "1986"]
[BlackElo "1693"]
[WhiteFideId "7200064"]
[BlackFideId "2313057"]
[EventDate "2024.03.15"]

1. e4 e6 2. d4 d5 3. Nc3 Nf6 4. e5 Nfd7 5. f4 c5 6. Nf3 Nc6 7. Be3 Qb6 8. a3 c4
9. Rb1 a6 10. Qd2 Ne7 11. Be2 Nf5 12. Bf2 h5 13. O-O Qc7 14. g3 Nb8 15. h3 Nc6
16. Kg2 Nh6 17. Ng5 Nf5 18. Rh1 g6 19. g4 Ng7 20. Bf3 Bd7 21. Bxd5 exd5 22. Nxd5
Qa5 23. Qxa5 Nxa5 24. Nc7+ Ke7 25. Nxa8 Bc6+ 26. Nf3 Ne6 27. Be3 b5 28. Nb6 Be4
29. Rbc1 hxg4 30. hxg4 Rxh1 31. Rxh1 Nc7 32. Rh8 Bb7 33. Kf2 1-0

[Event "Reykjavik Open 2024"]
[Site "Reykjavik ISL"]
[Date "2024.03.18"]
[Round "6.134"]
[White "Manukonda, Arun"]
[Black "Einarsson, Eirikur Gardar"]
[Result "1-0"]
[WhiteElo "1974"]
[BlackElo "1690"]
[WhiteFideId "5080789"]
[BlackFideId "2307715"]
[EventDate "2024.03.15"]

1. d4 b6 2. c4 Bb7 3. Nc3 e6 4. Nf3 Nf6 5. e3 d5 6. cxd5 Nxd5 7. Ne5 Be7 8. Bb5+
c6 9. Bd3 O-O 10. O-O Nd7 11. Nxd5 cxd5 12. f4 Nf6 13. f5 Bd6 14. Ng4 Ne4 15.
Bxe4 dxe4 16. f6 h5 17. fxg7 Kxg7 18. Nf6 Qxf6 19. Rxf6 Kxf6 20. Bd2 Ke7 21. Be1
Rh8 22. Bh4+ f6 23. Qa4 Rag8 24. Bxf6+ Kxf6 25. Qd7 Bxh2+ 26. Kxh2 Bd5 27. Rf1+
Kg5 28. Qe7+ 1-0

[Event "Reykjavik Open 2024"]
[Site "Reykjavik ISL"]
[Date "2024.03.18"]
[Round "6.135"]
[White "Hallmundarson, Birkir"]
[Black "Gurner, Jem"]
[Result "0-1"]
[BlackTitle "CM"]
[WhiteElo "1708"]
[BlackElo "1968"]
[WhiteFideId "2319446"]
[BlackFideId "67600280"]
[EventDate "2024.03.15"]

1. Nf3 Nf6 2. c4 g6 3. Nc3 Bg7 4. e4 d6 5. d4 O-O 6. h3 e5 7. d5 a5 8. Be3 Na6
9. g4 Kh8 10. Be2 c6 11. Nd2 Nd7 12. h4 cxd5 13. cxd5 f5 14. Bg5 Bf6 15. Bxf6+
Qxf6 16. g5 Qe7 17. Qc2 Nb4 18. Qb1 Nc5 19. a3 Nba6 20. Qa2 fxe4 21. Ncxe4 Bf5
22. Nc3 Rfc8 23. Nc4 Qd8 24. h5 Nb4 25. axb4 axb4 26. Nb5 Rxa2 27. Rxa2 Qxg5 28.
Nbxd6 Qc1+ 29. Bd1 Nd3+ 30. Ke2 Nf4+ 31. Kf3 Nd3 32. Nxc8 Qf4+ 33. Kg2 Qxf2# 0-1

[Event "Reykjavik Open 2024"]
[Site "Reykjavik ISL"]
[Date "2024.03.18"]
[Round "6.136"]
[White "Rognvaldsson, Geir"]
[Black "MacArthur, John"]
[Result "0-1"]
[WhiteElo "1699"]
[BlackElo "1962"]
[WhiteFideId "2304090"]
[BlackFideId "2005352"]
[EventDate "2024.03.15"]

1. e4 c5 2. Nc3 a6 3. d4 cxd4 4. Qxd4 Nc6 5. Qd2 g6 6. b3 Bg7 7. Bb2 b5 8. O-O-O
Bb7 9. Kb1 Rc8 10. f4 Nb4 11. Bd3 Qa5 12. a3 Nxd3 13. Qxd3 d6 14. b4 Qd8 15. Nf3
Nf6 16. h3 O-O 17. Rhf1 Qb6 18. Nd5 Nxd5 19. exd5 Bxb2 20. Kxb2 Rc4 21. f5 Rfc8
22. Ne1 a5 23. fxg6 hxg6 24. Qd2 axb4 25. axb4 Ra8 26. Ra1 Rxa1 27. Kxa1 Qd4+
28. Qxd4 Rxd4 29. c3 Rd1+ 30. Kb2 Bxd5 31. Kc2 Ra1 32. Kb2 Ra2+ 33. Kb1 Re2 34.
Rg1 Be4+ 35. Kc1 d5 36. Kd1 Ra2 37. g4 g5 38. Rg3 e5 39. Re3 f6 40. Nd3 Kf7 41.
Nc5 Bg6 42. Nd7 Bc2+ 43. Ke1 Ke6 44. Nc5+ Kd6 45. Kf2 Be4+ 46. Ke1 Bg6 47. Rf3
Ke7 48. Re3 Ra3 49. Kd2 e4 50. Kc2 d4 51. Rxe4+ Bxe4+ 52. Nxe4 Ra2+ 53. Kd3 dxc3
54. Nxc3 Rh2 55. Nxb5 Rxh3+ 56. Ke4 Rb3 57. Nc7 Rxb4+ 58. Kf3 Rf4+ 59. Kg3 Kd6
60. Nb5+ Kc6 61. Nc3 Kc5 62. Ne2 Rb4 63. Kf3 Kd5 64. Nc1 Kd4 65. Ne2+ Ke5 66.
Kg3 Rb3+ 67. Kf2 0-1

[Event "Reykjavik Open 2024"]
[Site "Reykjavik ISL"]
[Date "2024.03.18"]
[Round "6.137"]
[White "Jonsson, Jon Oddur"]
[Black "Hennig, Konrad"]
[Result "0-1"]
[WhiteElo "1668"]
[BlackElo "1946"]
[WhiteFideId "2326426"]
[BlackFideId "34622519"]
[EventDate "2024.03.15"]

1. e4 c6 2. Nf3 d5 3. Nc3 dxe4 4. Nxe4 Nf6 5. Qe2 Nxe4 6. Qxe4 Nd7 7. Bc4 Nf6 8.
Ne5 e6 9. Qe2 b5 10. Bb3 Qc7 11. d4 Bd6 12. f4 O-O 13. O-O c5 14. dxc5 Bxc5+ 15.
Be3 a5 16. a4 b4 17. Rad1 Ba6 18. Nd3 Bxe3+ 19. Qxe3 Bc4 20. Bxc4 Qxc4 21. Rd2
Nd5 22. Qf3 b3 23. Ne5 Qxa4 24. Qxb3 Qxb3 25. cxb3 Rfb8 26. Rf3 g6 27. g3 a4 28.
bxa4 Rxa4 29. b3 Ra1+ 30. Kf2 Rb1 31. Rdd3 Rb2+ 32. Kg1 Ra8 33. Rf2 Raa2 34.
Rxb2 Rxb2 35. Rf3 Kg7 36. h4 Kf6 37. Rd3 Kf5 0-1

[Event "Reykjavik Open 2024"]
[Site "Reykjavik ISL"]
[Date "2024.03.18"]
[Round "6.138"]
[White "Haugen, Lars Tormod"]
[Black "Gronn, Embla Ekeland"]
[Result "1-0"]
[WhiteElo "1945"]
[BlackElo "1684"]
[WhiteFideId "1559966"]
[BlackFideId "1517600"]
[EventDate "2024.03.15"]

1. c4 c6 2. e4 d5 3. cxd5 cxd5 4. exd5 Nf6 5. Nc3 Nxd5 6. Bc4 Nf6 7. Nf3 e6 8.
O-O Bd6 9. d4 O-O 10. Bg5 Nbd7 11. Be2 a6 12. Ne5 Qc7 13. Re1 b5 14. Bd3 Bb7 15.
Rc1 Qb6 16. Nxd7 Nxd7 17. Qg4 f5 18. Qh4 Nf6 19. f3 h6 20. Be3 f4 21. Bf2 Rae8
22. d5 Bc5 23. dxe6 Bxf2+ 24. Qxf2 Rxe6 25. Rxe6 Qxe6 26. Bb1 Re8 27. a3 Qe5 28.
Rd1 Nd5 29. Ba2 Rd8 30. Qd2 Qe3+ 31. Qxe3 fxe3 32. Kf1 1-0

[Event "Reykjavik Open 2024"]
[Site "Reykjavik ISL"]
[Date "2024.03.18"]
[Round "6.139"]
[White "Imam-Sadeque, Ali"]
[Black "Hill, Andy"]
[Result "1/2-1/2"]
[WhiteElo "1652"]
[BlackElo "1926"]
[WhiteFideId "343422500"]
[BlackFideId "499927"]
[EventDate "2024.03.15"]

1. d4 Nf6 2. Bg5 g6 3. Bxf6 exf6 4. e3 d5 5. c4 dxc4 6. Bxc4 Bd6 7. Nf3 O-O 8.
O-O a6 9. a3 b5 10. Ba2 Bb7 11. Nbd2 f5 12. Qc2 Nd7 13. e4 fxe4 14. Nxe4 Bf4 15.
h4 Nb6 16. Neg5 Bd5 17. Bxd5 Qxd5 18. Qe4 Qxe4 19. Nxe4 Nd5 20. Rfe1 Rad8 21.
Nc5 a5 22. Nb7 Ra8 23. Ne5 a4 24. Nc5 Rfe8 25. Nc6 Nb6 26. Nd3 Rxe1+ 27. Rxe1
Bd6 28. Nde5 f6 29. Nd3 Kf7 30. g3 Nc4 31. Re2 h5 32. Kf1 Na5 33. Nxa5 Rxa5 34.
Nc5 Ra8 35. Ne4 Be7 36. Rc2 Rc8 37. d5 f5 38. d6 fxe4 39. Rxc7 Re8 40. Ke2 Kf6
41. Rxe7 Rd8 42. Rxe4 Rxd6 43. Rb4 Rd5 44. Ke3 Ke5 45. Re4+ Kf5 46. f3 Kf6 47.
g4 hxg4 48. fxg4 Rc5 49. Kd3 Kf7 50. Ke3 Kf6 51. Kf4 Rc2 52. Rb4 Rc5 53. g5+ Ke6
54. Kg4 Kf7 55. h5 gxh5+ 56. Kxh5 Kg7 57. b3 axb3 58. Rxb3 Rd5 59. Rc3 Rd1 60.
Rc7+ Kf8 61. Kh6 Rh1+ 62. Kg6 Ra1 63. Rc3 Ra2 64. Rf3+ Kg8 65. Kf6 Rb2 66. g6
Rb1 67. Rg3 Rf1+ 68. Ke5 Kg7 69. Kd5 Rc1 70. Kd6 Rc2 71. Rg5 Rc3 72. Rxb5 Rxa3
73. Rg5 Ra6+ 74. Kc7 Rxg6 1/2-1/2

[Event "Reykjavik Open 2024"]
[Site "Reykjavik ISL"]
[Date "2024.03.18"]
[Round "6.140"]
[White "Speck, Stefan"]
[Black "Gilsdottir, Sara"]
[Result "1-0"]
[WhiteElo "1921"]
[BlackElo "1667"]
[WhiteFideId "4639219"]
[BlackFideId "1574337"]
[EventDate "2024.03.15"]

1. e4 c6 2. c4 d5 3. exd5 cxd5 4. cxd5 Nf6 5. Nc3 Nxd5 6. d4 Nc6 7. Nf3 Bg4 8.
Be2 e6 9. O-O Be7 10. Nxd5 Qxd5 11. Be3 O-O 12. a3 Rac8 13. h3 Bh5 14. Re1 Rfd8
15. Qa4 a6 16. Rad1 Bf6 17. Rc1 Qa5 18. Qb3 b5 19. Red1 Ne7 20. g4 Bxg4 21. hxg4
Nd5 22. Ne5 Bxe5 23. dxe5 h6 24. Bf3 Nxe3 25. Qxe3 b4 26. Qe1 Rxc1 27. Rxc1 Rd4
28. axb4 Qxb4 29. Qxb4 Rxb4 30. Rc2 a5 31. Kf1 Kf8 32. Rc5 Rxb2 33. Rxa5 f6 34.
exf6 gxf6 35. Ra7 f5 36. gxf5 exf5 37. Kg2 Rb6 38. Bh5 Rf6 39. Kf3 Kg8 40. Kf4
Rf8 41. Bg6 Rb8 42. Bxf5 Rb2 43. f3 Rb4+ 44. Ke5 h5 45. Kf6 Rb6+ 46. Kg5 Rb5 47.
Kg6 Rb6+ 48. Kxh5 Rb4 49. Kg5 Kf8 50. f4 Rb6 51. Bg6 Rb2 52. f5 Rb6 53. f6 Rb8
54. Rh7 Rb5+ 55. Kh6 1-0

[Event "Reykjavik Open 2024"]
[Site "Reykjavik ISL"]
[Date "2024.03.18"]
[Round "6.141"]
[White "Proudfoot, Andy"]
[Black "Bugaj, Hanna"]
[Result "0-1"]
[WhiteElo "1650"]
[BlackElo "1920"]
[WhiteFideId "487910"]
[BlackFideId "21829870"]
[EventDate "2024.03.15"]

1. e4 d5 2. exd5 Qxd5 3. d4 e5 4. dxe5 Qxd1+ 5. Kxd1 Nc6 6. Bb5 Bg4+ 7. f3
O-O-O+ 8. Bd2 Bd7 9. Bxc6 Bxc6 10. Nc3 Ne7 11. Nh3 Ng6 12. Re1 h6 13. Kc1 Nh4
14. Re2 g5 15. Be1 Nf5 16. Bf2 Bg7 17. Bg3 Rhe8 18. Rd2 Nxg3 19. hxg3 Bxe5 20.
Rxd8+ Rxd8 21. f4 Bxg2 22. Nxg5 Bxc3 0-1

[Event "Reykjavik Open 2024"]
[Site "Reykjavik ISL"]
[Date "2024.03.18"]
[Round "6.142"]
[White "Beyerle, Gregor"]
[Black "Smits, Eduard"]
[Result "0-1"]
[WhiteElo "1610"]
[BlackElo "1918"]
[WhiteFideId "34614494"]
[BlackFideId "1044184"]
[EventDate "2024.03.15"]

1. d4 d5 2. c4 dxc4 3. e3 Nf6 4. Bxc4 e6 5. Nf3 a6 6. Nc3 c5 7. d5 b5 8. Bb3
exd5 9. Bxd5 Ra7 10. e4 Be7 11. Bf4 Nbd7 12. Bc6 Qb6 13. Ne5 O-O 14. Nd5 Nxd5
15. exd5 Bf6 16. Ng4 Bxb2 17. Rb1 Bc3+ 18. Kf1 Nb8 19. Qf3 Nxc6 20. Qxc3 Bxg4
21. Qg3 Bf5 22. Bh6 Bg6 23. Rd1 Nd4 24. Bf4 Re8 25. Be5 b4 26. Bxd4 cxd4 27. Rc1
Rae7 28. f3 Qb5+ 29. Kg1 d3 30. h4 d2 31. Rd1 Qxd5 32. Kh2 Bc2 33. h5 Qxh5+ 34.
Kg1 Re1+ 35. Qxe1 Rxe1+ 36. Kf2 Qxh1 37. Rxd2 Qg1+ 38. Kg3 h5 0-1

[Event "Reykjavik Open 2024"]
[Site "Reykjavik ISL"]
[Date "2024.03.18"]
[Round "6.143"]
[White "Heidarsson, Mikael Bjarki"]
[Black "Leliveld, Andrew"]
[Result "1-0"]
[WhiteElo "1913"]
[BlackElo "1657"]
[WhiteFideId "2317532"]
[BlackFideId "2645327"]
[EventDate "2024.03.15"]

1. d4 f5 2. Bg5 Nf6 3. Bxf6 exf6 4. c4 Nc6 5. e3 b6 6. Nc3 Bb7 7. Nf3 Bb4 8. Bd3
g6 9. h4 Qe7 10. Kf1 Bxc3 11. bxc3 d6 12. h5 O-O-O 13. Nh4 Na5 14. Kg1 Ba6 15.
g3 Bxc4 16. hxg6 hxg6 17. Nxg6 Rxh1+ 18. Kxh1 Qh7+ 19. Nh4 Bd5+ 20. Kg1 Be4 21.
f3 Rg8 22. Kf2 f4 23. Ba6+ Bb7 24. Bxb7+ Kxb7 25. exf4 Re8 26. Qb1 Qe7 27. Qd3
d5 28. Ng2 Qa3 29. Qc2 Nc4 30. Re1 Rxe1 31. Nxe1 a5 32. g4 Ka6 33. g5 Qe7 34.
Qc1 Qh7 35. Ng2 c6 36. Kg3 Qg6 37. Nh4 Qe8 38. g6 f5 39. Qb1 Nd6 40. Kh3 Qh8 41.
Qf1+ Kb7 42. Qg2 Ne8 43. Qg5 Ng7 44. Kg3 Qf8 45. Kg2 c5 46. Qh6 Qf6 47. Qh7 Kc6
48. Qh8 cxd4 49. cxd4 Qxd4 50. Nxf5 Qd2+ 51. Kh3 Qxf4 52. Ne7+ Kc5 53. Qxg7
Qxf3+ 54. Kh4 Qf4+ 55. Kh5 Qf3+ 56. Kg5 Qe3+ 57. Kf5 Qe4+ 58. Kf6 Qd4+ 59. Kf7
Qxg7+ 60. Kxg7 d4 61. Kf7 d3 62. Nf5 d2 63. Ne3 Kd4 64. Nd1 Kd3 65. g7 1-0

[Event "Reykjavik Open 2024"]
[Site "Reykjavik ISL"]
[Date "2024.03.18"]
[Round "6.144"]
[White "Spagnoli, Benjamin"]
[Black "Eustratiadis, Panagiotis"]
[Result "1/2-1/2"]
[WhiteElo "1883"]
[BlackElo "1653"]
[WhiteFideId "20667116"]
[BlackFideId "40100448"]
[EventDate "2024.03.15"]

1. d4 d5 2. Nc3 c6 3. Bf4 Nf6 4. e3 e6 5. a3 Bd6 6. Bg3 Qe7 7. Nf3 Nh5 8. Bh4
Nf6 9. e4 dxe4 10. Nxe4 Nbd7 11. Bd3 b6 12. O-O Bb7 13. c4 Bc7 14. Rc1 O-O-O 15.
c5 h6 16. cxb6 Nxb6 17. Nc5 g5 18. Bg3 Bxg3 19. fxg3 Nfd7 20. Nxb7 Kxb7 21. Qe2
Nb8 22. Ne5 Rhf8 23. Be4 Nd5 24. Rxc6 Nxc6 25. Nxc6 Kxc6 26. Qa6+ Kd7 27. Qb5+
Kd6 28. Qc5+ Kd7 29. Qb5+ Kd6 30. Qc5+ Kd7 31. Qb5+ Kd6 1/2-1/2

[Event "Reykjavik Open 2024"]
[Site "Reykjavik ISL"]
[Date "2024.03.18"]
[Round "6.145"]
[White "Jonsson, Johann"]
[Black "Hasini, Kamabathula"]
[Result "1-0"]
[WhiteElo "1875"]
[BlackElo "1612"]
[WhiteFideId "2321688"]
[BlackFideId "25712837"]
[EventDate "2024.03.15"]

1. e4 e5 2. d4 exd4 3. Qxd4 Nc6 4. Qe3 d6 5. Nc3 Nf6 6. h3 Be7 7. Bd2 Ne5 8. f4
Ng6 9. O-O-O Bd7 10. e5 dxe5 11. fxe5 Ng8 12. Nf3 c6 13. Ne4 Qb6 14. Qe1 Bf5 15.
Ba5 1-0

[Event "Reykjavik Open 2024"]
[Site "Reykjavik ISL"]
[Date "2024.03.18"]
[Round "6.146"]
[White "Wolff, Michael"]
[Black "Clare, Philip"]
[Result "1-0"]
[WhiteElo "1874"]
[BlackElo "1607"]
[WhiteFideId "24607657"]
[BlackFideId "343413315"]
[EventDate "2024.03.15"]

1. e4 c5 2. c3 Nf6 3. e5 Nd5 4. Nf3 d6 5. d4 Bg4 6. Bc4 e6 7. O-O Be7 8. Nbd2
O-O 9. exd6 Bxd6 10. Ne4 cxd4 11. Nxd6 Qxd6 12. cxd4 Nc6 13. Be3 Rac8 14. Bd3
Nf6 15. Be2 Rfd8 16. Rc1 h6 17. Qb3 Na5 18. Qa4 b6 19. h3 Bf5 20. Ne5 Be4 21.
Ba6 Rc7 22. Rxc7 Qxc7 23. Rc1 Qd6 24. b4 Qd5 25. f3 Nd7 26. fxe4 Qxe4 27. Bf2
Nxe5 28. dxe5 Qxe5 29. bxa5 bxa5 30. Rf1 Rd2 31. Qe8+ Kh7 32. Qxf7 Qd5 33. Bb7
Qxa2 34. Be4+ 1-0

[Event "Reykjavik Open 2024"]
[Site "Reykjavik ISL"]
[Date "2024.03.18"]
[Round "6.147"]
[White "Reynaud, Frederic"]
[Black "Eiriksson, Theodor"]
[Result "1-0"]
[WhiteElo "1840"]
[BlackElo "1579"]
[WhiteFideId "2624338"]
[BlackFideId "2322277"]
[EventDate "2024.03.15"]

1. d4 d5 2. Nf3 Nf6 3. Bf4 e6 4. e3 Bd6 5. Bg3 O-O 6. Bd3 Nbd7 7. Nbd2 Re8 8. c3
e5 9. dxe5 Nxe5 10. Nxe5 Bxe5 11. Qc2 h6 12. O-O-O c6 13. Bxe5 Rxe5 14. h3 Re8
15. g4 Nd7 16. Bf5 Nc5 17. h4 Qf6 18. Bxc8 Raxc8 19. Rh2 b5 20. Rg1 Ne4 21. Nxe4
Rxe4 22. g5 Qg6 23. h5 Qe6 24. Rhg2 Rc7 25. gxh6 Qxh6 26. Qe2 f6 27. Rg6 Qh7 28.
Rxf6 Rh4 29. Qf3 Qxh5 30. Qg3 Rh1 31. Kd2 Rxg1 32. Qxg1 Qe5 33. Rf4 a5 34. Qg6
b4 35. Qd3 Rb7 36. Qd4 Qd6 37. Kc2 c5 38. Qd3 c4 39. Rxc4 bxc3 40. Rc8+ Kf7 41.
Qf5+ 1-0

[Event "Reykjavik Open 2024"]
[Site "Reykjavik ISL"]
[Date "2024.03.18"]
[Round "6.151"]
[White "Geirsson, Kristjan"]
[Black "Jonsdottir, Katrin Maria"]
[Result "1-0"]
[WhiteElo "1819"]
[BlackElo "1525"]
[WhiteFideId "2313596"]
[BlackFideId "2316706"]
[EventDate "2024.03.15"]

1. e4 d5 2. exd5 Qxd5 3. Nc3 Qd6 4. d4 c6 5. Nf3 Nf6 6. Bd3 Bg4 7. Be3 Nbd7 8.
h3 Bh5 9. Qe2 e6 10. O-O-O Nd5 11. Ne4 Qc7 12. g4 Bg6 13. Nh4 Nxe3 14. fxe3
O-O-O 15. Nxg6 hxg6 16. Ng5 Nf6 17. Kb1 Rd7 18. c4 Kb8 19. Nf3 c5 20. Bc2 cxd4
21. exd4 Qb6 22. Ba4 Rc7 23. c5 Qb4 24. Qc2 b5 25. Bb3 Nd5 26. a3 Qa5 27. Bxd5
exd5 28. Qb3 Qa4 29. Qxd5 Rxh3 30. Rhe1 Qc4 31. Re8+ Rc8 32. Rxc8+ Kxc8 33. Qa8+
Kc7 34. Qxa7+ Kd8 35. Qb8+ Ke7 36. Qd6+ Ke8 37. Re1+ Qe6 38. Rxe6+ fxe6 39.
Qxe6+ Kd8 40. c6 Kc7 41. Qd7+ Kb6 42. b4 Rxf3 43. Qb7# 1-0

[Event "Reykjavik Open 2024"]
[Site "Reykjavik ISL"]
[Date "2024.03.18"]
[Round "6.156"]
[White "Karlinder, Lovis Neo"]
[Black "Haraldsson, Haraldur"]
[Result "1/2-1/2"]
[WhiteElo "1642"]
[BlackElo "1991"]
[WhiteFideId "34664785"]
[BlackFideId "2311100"]
[EventDate "2024.03.15"]

1. e4 c5 2. c3 e6 3. d4 d5 4. exd5 Qxd5 5. Nf3 Nc6 6. Na3 Bd7 7. Nb5 Rc8 8. Be3
cxd4 9. Nbxd4 Bc5 10. Nxc6 Bxc6 11. Bxc5 Qxc5 12. Qd4 Qxd4 13. Nxd4 a6 14. f4
Nf6 15. Be2 Rc7 16. Bf3 h5 17. O-O-O O-O 18. Rhe1 Rfc8 19. Kb1 g6 20. Re3 Kf8
21. Red3 Ke7 22. g3 Be8 23. Bh1 Nd7 24. Nf3 Nc5 25. R3d2 Bc6 26. Ne5 Bxh1 27.
Rxh1 Rd8 28. Rxd8 Kxd8 29. Rd1+ Ke7 1/2-1/2

[Event "Reykjavik Open 2024"]
[Site "Reykjavik ISL"]
[Date "2024.03.18"]
[Round "6.157"]
[White "Wollkind, Steven"]
[Black "Ragnarsson, Johann"]
[Result "0-1"]
[WhiteElo "1607"]
[BlackElo "1948"]
[WhiteFideId "39917070"]
[BlackFideId "2301040"]
[EventDate "2024.03.15"]

1. e4 c6 2. d4 d5 3. e5 c5 4. Nf3 Bg4 5. dxc5 Nc6 6. h3 Bxf3 7. Qxf3 Nxe5 8.
Bb5+ Nc6 9. O-O e6 10. b4 Qf6 11. Qc3 g6 12. Bb2 Bg7 13. Qxf6 Bxf6 14. c3 Ne7
15. Nd2 O-O 16. a3 a5 17. Bxc6 Nxc6 18. b5 Ne7 19. Nf3 a4 20. Rfe1 Ra5 21. b6
Rxc5 22. Ne5 Bxe5 23. Rxe5 Nc6 24. Re2 Na5 25. Rc1 Rfc8 26. Rd1 R8c6 27. c4 Nxc4
28. Bd4 Rb5 29. Rc1 Nxb6 30. Rxc6 bxc6 31. Rb2 Rxb2 32. Bxb2 Nc4 0-1

[Event "Reykjavik Open 2024"]
[Site "Reykjavik ISL"]
[Date "2024.03.18"]
[Round "6.158"]
[White "De Castro, Manuel"]
[Black "Madsen, Jens Ingemann"]
[Result "0-1"]
[WhiteElo "1603"]
[BlackElo "1945"]
[WhiteFideId "651002493"]
[BlackFideId "1434993"]
[EventDate "2024.03.15"]

1. e4 c6 2. d4 d5 3. Nc3 dxe4 4. Nxe4 Nf6 5. Ng3 h5 6. h4 g6 7. Nf3 Bg4 8. Be2
Nbd7 9. Nh2 Be6 10. Nf3 Bg7 11. Ng5 Nf8 12. Nxe6 Nxe6 13. c3 Qd6 14. Bf3 Nd5 15.
Bxd5 Qxd5 16. Qf3 Qxf3 17. gxf3 O-O-O 18. Be3 b6 19. O-O Bf6 20. f4 Ng7 21. Ne4
Bxh4 22. Kg2 Nf5 23. Kh3 Bf6 24. b4 Nd6 25. Nd2 Kb7 26. a4 Rhg8 27. Rg1 Nf5 28.
Ne4 Nd6 29. Nd2 Ra8 30. Ra2 a5 31. bxa5 Rxa5 32. Nb3 Ra6 33. Rb1 Kc7 34. a5 Kd7
35. Rba1 Rga8 36. Ra4 Nb7 37. d5 c5 38. Rc1 Nxa5 39. Nd2 Nb7 40. Rxa6 Rxa6 41.
Nc4 Nd6 42. Nd2 Ra3 43. c4 Bd4 44. Nf1 Nf5 45. Kg2 Bxe3 46. Nxe3 Nxe3+ 47. fxe3
Rxe3 48. Ra1 Re4 49. Ra7+ Kd6 50. Ra6 Rxc4 51. Rxb6+ Kxd5 52. Rb7 Re4 53. Kg3 f6
54. Rd7+ Ke6 55. Rc7 Rc4 0-1

[Event "Reykjavik Open 2024"]
[Site "Reykjavik ISL"]
[Date "2024.03.18"]
[Round "6.159"]
[White "Olafsson, Olafur Orn"]
[Black "Keenan, Alex"]
[Result "0-1"]
[WhiteElo "1542"]
[BlackElo "1839"]
[WhiteFideId "2312042"]
[BlackFideId "2409518"]
[EventDate "2024.03.15"]

1. d4 Nf6 2. c4 g6 3. Nc3 Bg7 4. Nf3 O-O 5. Bg5 h6 6. Bh4 d6 7. e3 Nbd7 8. Bd3
c5 9. O-O g5 10. Bg3 cxd4 11. exd4 Re8 12. Re1 Nh5 13. Rc1 Nxg3 14. hxg3 Nf6 15.
Ne4 Bg4 16. Nxf6+ Bxf6 17. Bb1 Kg7 18. Qd3 Rh8 19. Qe4 Bxf3 20. gxf3 Qb6 21. b3
Bxd4 22. Re2 Bf6 23. Rd1 Rac8 24. Rd5 a6 25. Red2 Qb4 26. Kg2 b5 27. Rd1 Rc5 28.
Rxc5 Qxc5 29. Rd2 Rd8 0-1

[Event "Reykjavik Open 2024"]
[Site "Reykjavik ISL"]
[Date "2024.03.18"]
[Round "6.160"]
[White "Leosson, Haukur Vidis"]
[Black "Held, Jesper"]
[Result "0-1"]
[WhiteElo "1535"]
[BlackElo "1793"]
[WhiteFideId "2325780"]
[BlackFideId "1092146"]
[EventDate "2024.03.15"]

1. d4 Nf6 2. c4 g6 3. Nc3 d5 4. Bg5 Ne4 5. Nxe4 dxe4 6. e3 c6 7. Ne2 Qa5+ 8. Nc3
Qxg5 9. Nxe4 Qa5+ 10. Nc3 Bg7 11. Qc2 O-O 12. Bd3 Na6 13. O-O-O Nb4 14. Qb1
Nxd3+ 15. Qxd3 Qf5 16. Qe2 a5 17. c5 a4 18. e4 Qg5+ 19. Kb1 a3 20. f3 Rd8 21. h4
Qf4 22. Qf2 axb2 23. Kxb2 h5 24. g3 Qc7 25. Ka1 Qa5 26. Qc2 Bxd4 27. Rd3 Bxc3+
28. Rxc3 Be6 0-1

[Event "Reykjavik Open 2024"]
[Site "Reykjavik ISL"]
[Date "2024.03.18"]
[Round "6.161"]
[White "Tourbez, Geofrey"]
[Black "Eythorsson, Engilbert Vidar"]
[Result "0-1"]
[WhiteElo "1517"]
[BlackElo "1743"]
[WhiteFideId "653058810"]
[BlackFideId "2321769"]
[EventDate "2024.03.15"]

1. d4 Nf6 2. Nc3 e6 3. Bf4 Bb4 4. Qd3 d5 5. a3 Ba5 6. e3 O-O 7. Nf3 Ne4 8. Be2
Bxc3+ 9. bxc3 c6 10. O-O b6 11. Bxb8 Rxb8 12. Nd2 Nd6 13. c4 Ba6 14. Qb3 c5 15.
Bd3 dxc4 16. Bxc4 b5 17. Be2 c4 18. Qb4 Bb7 19. c3 a5 20. Qc5 Nf5 21. Qxb5 Bxg2
22. Qe5 Qg5 23. f3 Bxf3+ 24. Kf2 Bg2 0-1

[Event "Reykjavik Open 2024"]
[Site "Reykjavik ISL"]
[Date "2024.03.18"]
[Round "6.162"]
[White "Gunnarsdottir, Eyrun Eva"]
[Black "Jonatansson, Sigurdur Freyr"]
[Result "0-1"]
[WhiteElo "1491"]
[BlackElo "1731"]
[WhiteFideId "2327058"]
[BlackFideId "2303116"]
[EventDate "2024.03.15"]

1. d4 f5 2. c4 e6 3. Nf3 Be7 4. Nc3 Nf6 5. Bg5 O-O 6. e3 Ne4 7. Bxe7 Qxe7 8. Qc2
Nxc3 9. Qxc3 d6 10. Be2 Nd7 11. O-O Nf6 12. Nd2 c5 13. Bf3 g5 14. g3 g4 15. Bg2
e5 16. dxe5 dxe5 17. Bd5+ Nxd5 18. cxd5 b5 19. a4 bxa4 20. Qc4 Qd6 21. Rxa4 a5
22. Nb3 Ba6 23. Qxc5 Qxc5 24. Nxc5 Bxf1 25. Ne6 Bb5 0-1

[Event "Reykjavik Open 2024"]
[Site "Reykjavik ISL"]
[Date "2024.03.18"]
[Round "6.163"]
[White "Magnussen, Petur Gardar"]
[Black "Saemundsson, Thor"]
[Result "1/2-1/2"]
[WhiteElo "1727"]
[BlackElo "1626"]
[WhiteFideId "7203802"]
[BlackFideId "2407493"]
[EventDate "2024.03.15"]

1. e4 c6 2. d4 d5 3. Nc3 dxe4 4. Nxe4 Nf6 5. Ng3 e6 6. Nf3 Be7 7. Bd3 c5 8. dxc5
Qa5+ 9. Bd2 Qxc5 10. O-O Bd7 11. a3 Qc7 12. Re1 Nc6 13. b4 a6 14. c4 O-O 15. Qc2
Rfe8 16. Rab1 Bd6 17. Bg5 Bxg3 18. hxg3 h6 19. Bxf6 gxf6 20. Qd2 Kg7 21. Re4 Rh8
22. Rg4+ Kf8 23. Rh4 h5 24. b5 axb5 25. cxb5 Ne5 26. Nxe5 Qxe5 27. Be4 Ke7 28.
Bxb7 Rab8 29. Qb4+ Qd6 30. Qxd6+ Kxd6 31. Ba6 Bc8 32. Bxc8 Rbxc8 33. Rd4+ Kc5
34. Rd7 Rhf8 35. a4 Kb6 36. Rd6+ Kc5 37. Ra6 Ra8 38. Rc6+ Kd5 39. Rd1+ Ke4 40.
f3+ Kf5 41. Rc4 Rfb8 42. Rd7 Kg6 43. Kf2 f5 44. Rb4 Rb6 45. Rc7 Kf6 46. Ke3 e5
47. Rcc4 Kg5 48. Rc5 Kf6 49. Rbc4 Ke6 50. Rc6+ Rxc6 51. Rxc6+ Kd5 52. Rf6 Rxa4
53. Rxf7 Ra3+ 54. Kf2 Ke6 55. Rh7 Ra2+ 56. Kg1 Rb2 57. b6 Kd6 58. Rxh5 Ke6 59.
Rh6+ Kf7 60. Rc6 Ke8 61. Re6+ Kf7 62. Rxe5 Kf6 63. f4 Rxb6 64. g4 fxg4 65. Rg5
Rb4 66. g3 Rb3 67. Rxg4 Kf5 68. Rg8 Rb7 69. Rg5+ Ke4 70. f5 Kf3 71. g4 Rb1+ 72.
Kh2 Rb2+ 73. Kh3 Rb1 1/2-1/2